| 000 | 00540nam a2200181 i 4500 | ||
|---|---|---|---|
| 001 | 125628 | ||
| 003 | ES-MaACL | ||
| 005 | 20230906192652.0 | ||
| 007 | t| | ||
| 008 | 070621s1959 sp ||||1| spa d | ||
| 080 | _a894.511-311.2"19" | ||
| 100 | 1 |
_aZilahy, Lajos. _9118252 |
|
| 245 | 1 | 3 |
_aEl crepúsculo de cobre / _cLajos Zilahy ; [versión castellana de Manuel Bosch Barret]. |
| 260 |
_aBarcelona : _bG.P., _c1959. |
||
| 300 |
_a516 p. ; _c18 cm. |
||
| 700 | 1 |
_aBosch Barrett, Manuel. _930649 |
|
| 852 |
_aES-MaACL _jC-17303 _bR.45540 |
||
| 999 |
_c125628 _d125628 |
||